| 000 | 00567nam a2200169 i 4500 | ||
|---|---|---|---|
| 001 | 102359 | ||
| 003 | ES-MaACL | ||
| 005 | 20230906183108.0 | ||
| 007 | t| | ||
| 008 | 051110s1907 sp ||||1| spa d | ||
| 100 | 1 |
_aMény, Georges. _980389 |
|
| 245 | 1 | 3 |
_aEl trabajo a domicilio y el trabajo barato _b: (investigaciones sociales) / _cpor Georges Mény; versión española de Cristobal de Reyna. |
| 260 |
_aMadrid : _b[s.n.], _c1907 ( _fHijos de F. Marqués) |
||
| 300 |
_a214 p. ; _c19 cm. |
||
| 700 | 1 |
_aReyna, Cristóbal de. _996611 |
|
| 852 |
_aES-MaACL _jF-1688 |
||
| 999 |
_c102359 _d102359 |
||